00351pab a2200133 454500008004000000100001900040245005700059260000900116300001300125362001100138650001400149650002000163773003400183180718b2013 xxu||||| |||| 00| 0 eng d aGadgil, Ranjit aReview of twelfth plan proposals for urban transport c2013 ap.49-55. a30 Nov aTransport aUrban transport aEconomic and Political Weekly